000 00345nam a22001453 4500
001 206878
005 20250717124434.0
090 _a206878
100 _a20250717 ukry50
101 _aukr
102 _aUA
200 _a
210 _d2025
801 _2unimarc
_aUA
_gpsbo
942 _cNEWSPAPER